| 000 | 00746nam a22001937a 4500 | ||
|---|---|---|---|
| 999 |
_c19383 _d19383 |
||
| 003 | AR-CdUCM | ||
| 008 | 190517b ||||| |||| 00| 0 spa d | ||
| 040 |
_aMUNICIPALIDAD PROVINCIAL DEL CUSCO _cBIBLIOTECA MUNICIPAL DEL CUSCO |
||
| 082 |
_a370 / _bM82 |
||
| 100 |
_aMotte, Dominique _95557 |
||
| 245 |
_aEnseñar en el Perú : _b¿un pacto cultural o un trueque mercantil? / |
||
| 260 |
_aCusco : _bCBC, _c1995. |
||
| 300 |
_a87 páginas ; _c22 cm. |
||
| 505 | _aPresentación de la muestra -- Las trayectorias laborales y la estructura de este mercado de empleo -- Las estrategias de resistencia frene a la crisis económica | ||
| 650 |
_aEconomía. _9382 |
||
| 650 |
_aEstructuras de mercado. _940695 |
||
| 942 |
_2ddc _cLIBROS |
||
| 945 | _awfj | ||